Test sobre Bad Gyal - Estadísticas

Estadísticas generales
  • Esta prueba ha sido intentada 72 veces
  • La puntuación promedio es 10 de 15
Estadísticas de respuestas
Pregunta Respuesta % Correcto
¿Cuál es el nombre real de Bad Gyal? Alba Farelo Solé
91%
¿En qué idiomas ha cantado Bad Gyal sus canciones? Castellano, inglés y catalán
85%
¿Con cuál de estos artistas no colaboró en una canción incluida en el album “La Joia”? Bad Bunny
78%
¿Con cuál de estos artistas no colaboró Bad Gyal? Duki
75%
¿Qué artista participa en la versión remix de "Perdió Este Culo"? Ivy Queen
72%
¿Cuál de estos singles formó parte del álbum “La Joia”? Mi Lova
72%
¿Cuál fue la primera canción de Bad Gyal? Pai
71%
¿Cuándo nació Bad Gyal? 7 de marzo de 1997
63%
¿Por qué Alba Farelo eligió el nombre artístico “Bad Gyal”? Porque en la cultura dancehall “bad gyal” representa una mujer desafiante, autosuficiente y sin miedo a romper normas.
60%
¿Dónde nació Bad Gyal? Vilassar de Mar
58%
En “La Joia”, ¿qué estilo musical se mezcla además de reguetón y dancehall según la ficha del álbum? Afrobeats
57%
¿En qué año se lanzó “La Joia”? 2024
55%
¿Qué estudios comenzó antes de dedicarse plenamente a la música? Diseño de moda
49%
¿En qué año se publicó “Slow Wine Mixtape”? 2016
46%
¿Cuál es el título de su álbum de estudio debut? La Joia
32%
No se encontraron pruebas coincidentes
Distribución de puntuación
Porcentaje de gente con cada puntuación
Porcentaje por número respondido
Historial de tus puntuaciones
No has intentado esta prueba.